000 00905nam a2200241 i 4500
001 12967
003 KOSZ 005
005 20200404141132.0
008 071013s1966 pl a f 001 0 pol
015 _aPB 1966/6597
040 _aWA N
_cWA N
_dKOSZ 005/RW
080 _a621
100 1 _aGórski, Eugeniusz
_d(1924-2017)
_eAutor
245 1 0 _aNarzędzia i oprzyrządowanie narzędziowe :
_bautomatyzacja obróbki skrawaniem /
_cEugeniusz Górski.
260 _aWarszawa :
_bWydawnictwa Naukowo-Techniczne,
_c1966.
300 _a150, [1] s., [1] k. tabl. :
_bil. ;
_c24 cm.
380 _aKsiążki.
504 _aBibliogr. s. 145-[146]. Indeks.
521 8 _aDla techników i inżynierów technologów.
710 2 _aWydawnictwa Naukowo-Techniczne
_4pbl.
856 _uhttp://koha.tu.koszalin.pl/cgi-bin/koha/opac-detail.pl?biblionumber=12967
_yKatalog online BPK
942 _2UKD
_cKS
999 _c12967
_d12967